00242nam a2200097Ia 4500008004100000100002200041245002200063260003300085260000900118999001700127170620s9999 xx 000 0 und d aPROF. MISHRA- S.N 0aINDIAN PENAL CODE bCENTRAL LAW AGENCY ALLAHABAD c2014 c30284d30284